000
00294nam a2200097Ia 4500
008
240331s9999 xx 000 0 und d
082
_a
303.6
_b
GUN
100
_a
Gunawardana, R.A.L.H.
245
0
_a
Historiography in a time of conflict :
_b
construction of thepast incontemporary Sri Lanka
942
_c
L
999
_c
1266
_d
1266